| 000 | 00392nam a2200109Ia 4500 | ||
|---|---|---|---|
| 008 | 160909s9999 xx 000 0 und d | ||
| 100 | _aCollins, Lynette A. | ||
| 245 | _aKnowledge, Attitudes, and Beliefs About Preconception Care Among American Adolescent Females | ||
| 260 |
_bWalden University _c2016 |
||
| 650 | _aNursing | ||
| 856 | _uhttp://pqdtopen.proquest.com/doc/1794167104.html?FMT=ABS | ||
| 999 |
_c303908 _d303908 |
||